[Event "Mataro op 11th"]
[Site "Mataro"]
[Date "2014.10.25"]
[Round "5"]
[White "Barco Garcia, Pedro"]
[Black "Ferre Navarro, Joan"]
[Result "0-1"]
[WhiteElo "1780"]
[BlackElo "1846"]
[PlyCount "64"]
[EventDate "2014.09.27"]
[EventType "swiss"]
[EventRounds "9"]
[EventCountry "ESP"]
[SourceTitle "EXT 2016"]
[Source "ChessBase"]
[SourceDate "2015.10.08"]
[SourceVersion "1"]
[SourceVersionDate "2015.10.08"]
[SourceQuality "1"]

1. d4 d5 2. c4 e6 3. Nc3 Nf6 4. Nf3 c6 5. e3 Nbd7 6. Bd2 c5 7. Be2 dxc4 8. Bxc4 cxd4 9. Nxd4 Ne5 10. Be2 Be7 11. 0-0 0-0 12. Nf3 Nc6 13. Qc2 b6 14. Rfd1 Bb7 15. Ne4 Nxe4 16. Qxe4 Na5 17. Qa4 Bc6 18. Bb5 Bxf3 19. gxf3 Qd5 20. Bxa5 Qg5+ 21. Kf1 bxa5 22. Rd7 Bf6 23. Bc6 Rab8 24. Rad1 Rxb2 25. Rxa7 Rb4 26. Qxa5 Qh4 27. Qc5 Rb2 28. Qxf8+ Kxf8 29. Ra8+ Bd8 30. Raxd8+ Ke7 31. R8d2 Rxd2 32. Rxd2 Qc4+ 0-1

[Event "Mataro op 11th"]
[Site "Mataro"]
[Date "2014.10.04"]
[Round "2"]
[White "Barco Garcia, Pedro"]
[Black "Fernandez Arroyo, Andrea"]
[Result "1-0"]
[WhiteElo "1780"]
[BlackElo "1710"]
[PlyCount "97"]
[EventDate "2014.09.27"]
[EventType "swiss"]
[EventRounds "9"]
[EventCountry "ESP"]
[SourceTitle "EXT 2016"]
[Source "ChessBase"]
[SourceDate "2015.10.08"]
[SourceVersion "1"]
[SourceVersionDate "2015.10.08"]
[SourceQuality "1"]

1. d4 f5 2. c4 e6 3. Nc3 Bb4 4. a3 Bxc3+ 5. bxc3 Nf6 6. Nf3 b6 7. a4 0-0 8. Ba3 Re8 9. e3 Bb7 10. Be2 Na6 11. 0-0 c5 12. Nd2 Qc7 13. Bf3 d5 14. Rc1 Rad8 15. Qe2 Qd7 16. cxd5 Nxd5 17. Qb5 Re7 18. Qxd7 Rdxd7 19. Nc4 Rd8 20. Ne5 Nf6 21. Be2 Rc7 22. g4 Nb8 23. gxf5 exf5 24. Bc4+ Bd5 25. Bxd5+ Nxd5 26. c4 Nf6 27. d5 Nbd7 28. Bb2 Ne4 29. f3 Nd2 30. Rf2 Nxe5 31. Bxe5 Re7 32. Bf4 Nb3 33. Rc3 Na5 34. Bg5 Rdd7 35. Bxe7 Rxe7 36. Re2 Nb7 37. e4 fxe4 38. fxe4 Re5 39. Kf2 Nd6 40. Kf3 g5 41. Rc1 Kg7 42. h4 h6 43. hxg5 hxg5 44. Re3 Kg6 45. Ke2 Kf6 46. Rf1+ Kg6 47. Kd3 Kh6 48. Rf6+ Kh5 49. Rxd6 1-0

[Event "Llinars del Valles op-B 8th"]
[Site "Llinars del Valles"]
[Date "2014.06.14"]
[Round "7"]
[White "Barco Garcia, Pedro"]
[Black "Torres Camps, Aleix"]
[Result "1-0"]
[WhiteElo "1700"]
[BlackElo "1840"]
[PlyCount "107"]
[EventDate "2014.04.26"]
[EventType "swiss"]
[EventRounds "8"]
[EventCountry "ESP"]
[SourceTitle "EXT 2015"]
[Source "ChessBase"]
[SourceDate "2014.11.20"]
[SourceVersion "1"]
[SourceVersionDate "2014.11.20"]
[SourceQuality "1"]

1. d4 d5 2. Nc3 c6 3. e4 dxe4 4. Nxe4 Nd7 5. Nf3 Ngf6 6. Bd3 Nxe4 7. Bxe4 Nf6 8. Bd3 Bg4 9. Be3 e6 10. Be2 Bd6 11. h3 Bf5 12. Bd3 Bxd3 13. Qxd3 Qb6 14. b3 0-0 15. 0-0 Rfd8 16. c3 c5 17. Qc2 Rac8 18. Rad1 Qa5 19. Bg5 cxd4 20. Bxf6 gxf6 21. Rxd4 Rxc3 22. Qd2 Qc7 23. Rd1 Rc6 24. Qh6 Be7 25. Rxd8+ Bxd8 26. Qd2 Be7 27. Qd7 Qxd7 28. Rxd7 Bd6 29. g3 Rb6 30. Nd2 Kf8 31. Nc4 Ra6 32. Nxd6 Rxa2 33. Rxf7+ Kg8 34. Rxb7 a5 35. Nc4 a4 36. bxa4 Rxa4 37. Nd6 Rd4 38. Ne8 f5 39. Nf6+ Kf8 40. Nxh7+ Kg8 41. Nf6+ Kf8 42. h4 e5 43. Nd7+ Kg8 44. Nxe5 f4 45. Kg2 fxg3 46. fxg3 Re4 47. Nf3 Kh8 48. Ng5 Rd4 49. Kh3 Rc4 50. h5 Rc5 51. Kh4 Rd5 52. h6 Rxg5 53. Kxg5 Kg8 54. Kg6 1-0